000 01295cam a2200349 i 4500
001 18656728
003 OSt
005 20260612160032.0
008 150612s2016 nyua 000 0 eng
010 _a 2015023382
020 _a9780078021909
_q(alk. paper)
035 _a18656728
040 _aDLC
_beng
_cDLC
_erda
_dDLC
042 _apcc
050 0 0 _aHD30.22
_b.M39 2016
082 0 0 _a338.5 THO
_223
100 1 _aThomas, Christopher R.
245 1 0 _aManagerial economics :
_bfoundations of business analysis and strategy /
_cChristopher R. Thomas, University of South Florida, S. Charles Maurice, Texas A&M University, Late Professor Emeritus.
250 _aTWELFTH EDITION.
264 1 _aNew York, NY :
_bMcGraw-Hill Education,
_c[2016]
300 _axxi, 714 pages :
_billustrations ;
_c24 cm.
336 _atext
_2rdacontent
337 _aunmediated
_2rdamedia
338 _avolume
_2rdacarrier
490 0 _aManagerial economics
500 _aRevised edition of Managerial economics, 2013.
650 0 _aManagerial economics.
700 1 _aMaurice, S. Charles.
906 _a7
_bcbc
_corignew
_d1
_eecip
_f20
_gy-gencatlg
942 _2ddc
_cBOOKS
999 _c9871
_d9871